Statistics for F1 Mexico GP 2023 Race Results

Click here to take the quiz!

General Stats

  • This quiz has been taken 15 times
  • The average score is 13 of 20

Answer Stats

PositionDriverGap% Correct
1.Max Verstappen
100%
3.Charles Leclerc+23.124
92%
2.Lewis Hamilton+13.875
92%
4.Carlos Sainz+27.154
77%
5.Lando Norris+33.266
77%
20.Sergio PerezDNF
77%
6.George Russell+41.020
69%
9.Alexander Albon+48.573
62%
7.Daniel Ricciardo+41.570
62%
10.Esteban Ocon+1:02.879
62%
11.Pierre Gasly+1:06.208
62%
18.Fernando AlonsoDNF
54%
15.Guanyu Zhou+1:21.676
54%
19.Kevin MagnussenDNF
54%
17.Lance StrollDNF
54%
16.Logan SargeantDNF
54%
13.Nico Hülkenberg+1:20.309
54%
14.Vallteri Bottas+1:20.597
54%
12.Yuki Tsunoda+1:18.982
54%
8.Oscar Piastri+43.104
46%

Score Distribution

Percentile by Number Answered

Percent of People with Each Score

Your Score History

You have not taken this quiz